| 000 | 00420 a2200157 4500 | ||
|---|---|---|---|
| 999 |
_c320858 _d320858 |
||
| 001 | 85785 | ||
| 003 | NUST | ||
| 005 | 20180119203440.0 | ||
| 008 | 180119b xxu||||| |||| 00| 0 eng d | ||
| 020 | _a9781558152229 | ||
| 082 | _a338.90091PAN | ||
| 100 |
_aTheodore Panayotou _99176 |
||
| 245 |
_aGreen Markets : The Conomics of Sustainable Development _hEnglish |
||
| 250 | _a1st | ||
| 260 |
_aUSA _bICS Press _c1993 |
||
| 300 | _aXvii 168p. | ||
| 500 | _aGifted By AM Masood Akhtar | ||
| 942 |
_acaenust _cBK _k338.90091 PAN _2ddc |
||